1570 1339 1920 1048 1601 1389 1596 1051 1982 1632 1581 1745 1990 1204 1936 1403 1007 1918 1811 1813 1261 1344 1250 1318 1968 1987 1935 1420 1327 1775 1137 1769 1921 1072 1652 1142 1087 1770 1881 1571 1037 1396 1289 1898 1440 1879 1850 1722 1334 1501 1680 1899 1129 1104 1756 1859 1232 1766 1071 1137 1335 1088 1664 1956 1605 1983 1099 1051 1549 1239 1832 1097 1351 1585 1527 1934 1738 1047 1833 1398 1460 1722 1261 1789 1930 1113 1124 1825 1073 1899 1131 1463 1855 1269 1514 1125 1048 1534 1621 BCNSPRNW ULIB Ver.6.0+V

เปลี่ยนเป็นภาษาไทย

Change to English
 แสดงรายละเอียดบรรณานุกรม
  กลับหน้าหลัก

Brief Record : Get Marc (ISO 2709) : E-mail record : QR code < ปิดหน้าต่าง
LEADER : 00000nam 2200000uu 4500
001    13399121968
003     ULIB
008    121217s2550||||th 000 0 tha d
020    ^a9789741148646
060 04 ^aWF658^bก251ต 2550
245 00 ^aตำรามะเร็งปอด =^bTextbook of lung cancer /^cกรีฑาธรรมคำภีร์, บรรณาธิการ
246 31 ^aTextbook lung cancer
250    ^aพิมพ์ครั้งที่ 1
260    ^aสงขลา :^bชานเมืองการพิมพ์,^c2550
300    ^a248 หน้า :^bภาพประกอบ ;^c27 ซม.
650  2 ^aLung Neoplasms
650  2 ^aLung Neoplasms^xsurgery
650  2 ^aLung Neoplasms^xdrug therapy
650  2 ^aLung Neoplasms^xdiagnosis
650  7 ^aปอด, เนื้องอก
650  7 ^aปอด, เนื้องอก^xการวินิจฉัย
650  7 ^aปอด, เนื้องอก^xศัลยกรรม
650  7 ^aปอด, เนื้องอก^xการรักษาด้วยยา
700 0  ^aกรีฑา ธรรมคำภีร์,^eบรรณาธิการ
945    ^p450^l0^i14767
995    ^aกัณชพร
999 ^a ใช้งานได้ทุกระบบ
รายการนี้ยังไม่มีแท็ก
คุณยังไม่ได้ล็อกอิน คุณสามารถมีกิจกรรมร่วมกับเว็บไซต์ได้ แต่ต้องล็อกอินก่อน ::
  ล็อกอิน

รายการสื่อสารสนเทศ

ลำดับที่ ประเภท เลขเรียก/บาร์โค้ด สถานที่ สถานะ
1. วิทยาศาสตร์การแพทย์ และสุขภาพ
วิทยาศาสตร์การแพทย์ และสุขภาพ
WF658 ก251ต 2550  
  Barcode: 14767
ห้องสมุดวิทยาเขตสวรรค์ประชารักษ์
►ส่วนจัดเก็บหนังสือเก่า สปร
บนชั้น
  ขอยืม

รายการใกล้เคียง
    หัวเรื่อง [ปอด, เนื้องอก]

BibComment


ยังไม่เคยถูกคอมเมนท์

คอมเมนท์ทรัพยากรรายการนี้
  คอมเมนท์: ตำรามะเร็งปอด T..


 Copyright 2026. Bcnsprnw @Library